Online
Catalog

El proceso de investigación científica aplicado a áreas académicas / (Record no. 19949)

MARC details
000 -CABECERA
campo de control de longitud fija 01643nam a2200277 u 4500
001 - NÚMERO DE CONTROL
campo de control 000020445
003 - IDENTIFICADOR DEL NÚMERO DE CONTROL
campo de control DO-SdBNP
005 - FECHA Y HORA DE LA ÚLTIMA TRANSACCIÓN
campo de control 20250311111111.0
007 - CAMPO FIJO DE DESCRIPCIÓN FÍSICA--INFORMACIÓN GENERAL
campo de control de longitud fija ta
008 - DATOS DE LONGITUD FIJA--INFORMACIÓN GENERAL
campo de control de longitud fija 100813s2016 dr 000 0 spa d
020 ## - NÚMERO INTERNACIONAL ESTÁNDAR DEL LIBRO
Número Internacional Estándar del Libro 9789993445210
040 ## - FUENTE DE LA CATALOGACIÓN
Centro catalogador/agencia de origen DO-SdBNP
Lengua de catalogación spa
Centro/agencia transcriptor BNPHU
082 #4 - NÚMERO DE LA CLASIFICACIÓN DECIMAL DEWEY
Número de clasificación 001.42
Número de documento/Ítem B957p
Número de edición 22
100 1# - ENTRADA PRINCIPAL--NOMBRE DE PERSONA
Nombre de persona Burgos, Rosa Francia
9 (RLIN) 43118
245 13 - MENCIÓN DE TÍTULO
Título El proceso de investigación científica aplicado a áreas académicas /
Mención de responsabilidad, etc. Rosa Francia Burgos.
260 ## - PUBLICACIÓN, DISTRIBUCIÓN, ETC.
Lugar de publicación, distribución, etc. Santo Domingo :
Nombre del editor, distribuidor, etc. Surco,
Fecha de publicación, distribución, etc. 2016.
300 ## - DESCRIPCIÓN FÍSICA
Extensión 247 p. ;
Dimensiones 24 cm.
500 ## - NOTA GENERAL
Nota general Incluye datos biográficos de la autora en la solapa de la cubierta
504 ## - NOTA DE BIBLIOGRAFÍA, ETC.
Nota de bibliografía, etc. Bibliografía : p. 240-247
505 0# - NOTA DE CONTENIDO CON FORMATO
Nota de contenido con formato Primera parte :
Título El proceso de investigación --
-- Conocimiento científico y ciencia --
Información miscelánea Capítulo 1 --
Título Proceso de investigación --
Información miscelánea Capítulo 2 --
Título Planificación de la investigación --
Información miscelánea Capítulo 3 --
Título El problema de investigación --
Información miscelánea Capítulo 4 --
Título Marco Teórico Conceptual --
Información miscelánea Capítulo 5 --
Título Diseño metodológico de la investigación --
-- Segunda parte : Ejecución o desarrollo de la investigación --
Información miscelánea Capítulo 6 --
Título Desarrollo de la investigación --
Información miscelánea Capítulo 7 --
Título Procedimiento para la selección de las unidades de la muestra 8 : Recolección de datos o trabajo de campo --
-- tercera parte --
Información miscelánea Capítulo 8 --
Título Recolección de datos o trabajo de campo --
Información miscelánea Capítulo 9 --
Título El informe de investigación --
Información miscelánea Capítulo 10 --
Título Cuerpo o desarrollo del informe.
590 ## - NOTA LOCAL (RLIN)
Nota local Inventariado,2018/DG /
650 10 - PUNTO DE ACCESO ADICIONAL DE MATERIA--TÉRMINO DE MATERIA
Término de materia o nombre geográfico como elemento de entrada Investigación
9 (RLIN) 2
650 10 - PUNTO DE ACCESO ADICIONAL DE MATERIA--TÉRMINO DE MATERIA
Término de materia o nombre geográfico como elemento de entrada Ciencia -
Subdivisión general Metodología
9 (RLIN) 3
910 ## - DATOS DE OPCIÓN DEL USUARIO (OCLC)
Datos de opción del usuario Validado. Control de calidad MFF
942 ## - ELEMENTOS DE PUNTO DE ACCESO ADICIONAL (KOHA)
Fuente del sistema de clasificación o colocación Dewey Decimal Classification
Tipo de ítem Koha Libro
Holdings
Estado de retiro Estado de pérdida Fuente del sistema de clasificación o colocación Restricciones de uso No para préstamo Código de colección Localización permanente Ubicación/localización actual Ubicación en estantería Fecha de adquisición Fuente de adquisición Total de préstamos Signatura topográfica completa Código de barras Fecha visto por última vez Número de copia Precio válido a partir de Tipo de ítem Koha
    Dewey Decimal Classification Préstamo en sala   Dominicana de Servicio Biblioteca Nacional Pedro Henríquez Ureña Dominicana Depósito 23.05.2017 Depósito Legal   BNPHU DS 001.42 B957p 20445-30 25.06.2020 e.3 25.06.2020 Libro y Folleto Colección Dominicana de Servicio
    Dewey Decimal Classification Préstamo en sala   Dominicana de Servicio Biblioteca Nacional Pedro Henríquez Ureña Dominicana Depósito 30.04.2019 Donación   BNPHU DS 001.42 B957p 20445-40 25.06.2020 e.4 25.06.2020 Libro y Folleto Colección Dominicana de Servicio
    Dewey Decimal Classification Préstamo en sala   Dominicana de Servicio Biblioteca Nacional Pedro Henríquez Ureña Dominicana Depósito 30.04.2019 Donación   BNPHU DS 001.42 B957p 20445-50 25.06.2020 e.5 25.06.2020 Libro y Folleto Colección Dominicana de Servicio
    Dewey Decimal Classification Excluido de préstamo   Patrimonio Dominicano Biblioteca Nacional Pedro Henríquez Ureña Patrimonio Dominicano Depósito 23.05.2017 Depósito Legal   BNPHU PD 001.42 B957p 20445-10 25.06.2020   25.06.2020 Libro y Folleto Colección Patrimonio Dominicano
    Dewey Decimal Classification Excluido de préstamo   Patrimonio Dominicano Biblioteca Nacional Pedro Henríquez Ureña Patrimonio Dominicano Depósito 23.05.2017 Depósito Legal   BNPHU PD 001.42 B957p 20445-20 25.06.2020 e.2 25.06.2020 Libro y Folleto Colección Patrimonio Dominicano

Powered by Koha